000 01105nam a2200313 i 4500
001 bg
100 1 _aCOGGLE, Paul
245 1 0 _aJęzyk niemiecki dla początkujących :
_bkurs poszerzony /
_cPaul Coggle, Heiner Schenke ; przekł. i adapt. Stanisław Dzida.
246 _iTyt. oryg.:
_aTeach yourself German (complete course)
250 _aWyd. 2.
260 _aKraków :
_bWydaw. Literackie,
_c2002.
300 _a391, [1] s. :
_bil. ;
_c21 cm +
_ekaseta dźw.
490 1 _aUcz się Sam. Języki Obce
500 _aTyt. oryg.: "Teach yourself German (complete course)", cop. 1998.
650 9 _aJęzyk niemiecki
655 _aPodręczniki
700 1 _aSCHENKE, Heiner.
_eTł.
830 0 _aUcz się Sam.
_pJęzyki Obce
020 _a8308027458
020 _a8308029906 (seria)
040 _cBPK
041 0 _aplen
080 _a811.112.2(07)
920 _a83-08-02745-8
920 _a83-08-02990-6 (seria)
942 _cKS
008 s pl f |000 0 pol
999 _c41791
_d41791
856 _uhttp://koha.tu.koszalin.pl/cgi-bin/koha/opac-detail.pl?biblionumber=41791
_yKatalog online BPK